000 00677nam a2200265Ia 4500
005 20260121170605.0
008 008 260114s9999 xx 000 0 eng d
020 _a9783319769028
037 _aEBOOK
040 _aCRL
040 _beng
040 _cCRL
041 _2eng
041 _aeng
084 _qCRL
100 _aEmrys D. Jones, Victoria Joule
_91065753
245 0 _aIntimacy and Celebrity in Eighteenth-Century Literary Culture
260 _bSpringer
260 _bSpringer
260 _c2018
856 _uhttps://link.springer.com/openurl?genre=book&isbn=978-3-319-76902-8
942 _cEBOOK
999 _c1631483
_d1631483